Vplyv finančenj krízy na podnikové financie

Dopady finančnej krízy na financovanie podnikov. Scenáre ozdravenia ekonomiky. Odporúčania pre podniky v čase finančnej krízy. Kľúčové oblasti podniku, na ktoré je potrebné sa zamerať.

Saved in:
Bibliographic Details
Main Author: Lesňáková, Dana
Format: Book Chapter
Language:Slovak
Subjects:
Tags: Add Tag
No Tags, Be the first to tag this record!

MARC

LEADER 00000nla$a2200000$$$4500
001 0116943
005 20220913084819.3
041 0 |a slo 
044 |a SK 
245 1 0 |a Vplyv finančenj krízy na podnikové financie  |c Dana Lesňáková 
520 |a Dopady finančnej krízy na financovanie podnikov. Scenáre ozdravenia ekonomiky. Odporúčania pre podniky v čase finančnej krízy. Kľúčové oblasti podniku, na ktoré je potrebné sa zamerať. 
610 2 0 |a podnik 
610 2 0 |a financie podnikové 
610 2 0 |a financovanie 
610 2 0 |a kríza finančná 
610 2 0 |a likvidita podniku 
610 2 0 |a riadenie rizík 
610 2 0 |a výkonnosť 
610 2 0 |a podnikanie 
100 1 |a Lesňáková, Dana